| 000 | 01028cam a22002535a 4500 | ||
|---|---|---|---|
| 001 | L158028 | ||
| 008 | 140115s2014 xxk f 000 0 eng d | ||
| 035 | _a(Sirsi) u158028 | ||
| 041 | 0 | _aeng | |
| 110 | 2 |
_aInternational Property Measurement Standards Coaliton _96145 |
|
| 240 | _aIPMS | ||
| 245 | 0 | 0 |
_aInternational Property Measurement Standards Offices _bConsultation _h[electronic resource] |
| 260 |
_a[S.l.] _b[s.n.] _c[2014?] |
||
| 520 | _aThe International Property Measurement Standards Coalition (IPMSC) seeks comments and feedback on its proposals for International Property Measurement Standards (IPMS) for Offices. Consultation closes on 4 April 2014. | ||
| 590 | _aKA | ||
| 650 | 2 | 4 | _aInternational Property Measurement Standards |
| 651 | 4 | _aInternational | |
| 690 |
_aMeasurement _96256 |
||
| 700 | 1 | _aCreighton, Kenneth | |
| 700 | 1 | _aPirlot, Jean-Yves | |
| 700 | 1 | _aPrats, Lisa | |
| 856 | 4 | 0 |
_uhttps://ipmsc.org/consultation/ _zView the item free of charge from the www.ipmsc.org website |
| 942 | _n0 | ||
| 999 |
_c115084 _d115084 |
||